Представление документа в формате RUSMARC

ПолеНазваниеЗначение
  Тип записи a
  Библиографический уровень a
001 Контрольный номер RU/CBS_Ul/BASE/485348274
005 Дата корректировки 20240209175104.9
100 Данные общей обработки __
a Данные общей обработки 20150519d2015 ||| 0rusy0189 ca
101 Язык документа 0_
a Язык текста rus
102 Страна публикации __
a Страна публикации RU
105 Кодированные данные (монография) __
a Кодированные данные (монография) y###||||000|y
200 Заглавие и сведения об ответственности 1_
a Заглавие Из рода симбирских крестьян Тюленевых
b Общее обозначение материала Текст
e Сведения, относящиеся к заглавию [потомки Героя Советского Союза, генерала И. В. Тюленева]
f Первые сведения об ответственности Н. Гауз
300 Общие примечания __
a Общие примечания Ограничения по возрасту - 12+
461 Уровень набора _0
1 2000
a Деловое обозрение
463 Уровень физической единицы _0
1 001RU/CBS_Ul/BASE/485341188
1 2000
a № 4
v С. 52
1 210
d 2015
600 Персоналии _0
a Персоналии (Фамилия) Афанасов
b Персоналии (Имя, инициалы) А. Я.
600 Персоналии _0
a Персоналии (Фамилия) Тюленев
b Персоналии (Имя, инициалы) И. В.
606 Тематические рубрики 0_
a Основная рубрика Тюленев, Иван Владимирович (1892 - 1978) - Родословная
y Географическая подрубрика Шатрашаны, село (Сурский район ; Ульяновская область)
610 Ключевые слова 0_
a Ключевые слова Герои Советского Союза
610 Ключевые слова 0_
a Ключевые слова участники Великой Отечественной войны
a Ключевые слова Герои Великой Отечественной войны
610 Ключевые слова 0_
a Ключевые слова ВОВ
686 Индексы других классификаций __
a Классификационный индекс 63.3(2)622.78
2 Код системы ББК
700 Автор _1
a Фамилия Гауз
b Имя (инициалы) Н.
g Полное личное имя Наталья
801 Источник записи _0
a Страна RU
b Организация МБУК ЦБС г. Ульяновска
c Дата составления 20150519
g Правила каталогизации RCR
801 Источник записи _1
a Страна RU
b Организация МБУК ЦБС г. Ульяновска
c Дата составления 20150519
g Правила каталогизации RCR
901 Тип документа __
t Тип документа b
w Контрольный № источника RU/CBS_Ul/BASE/485341188
910 Корректоры записи __
a Корректор записи Асеева
938 Служебная информация __
a Имя БД kraeved